[Event "POR-ch57"]
[Site "Lisbon"]
[Date "2001.09.05"]
[Round "5.11"]
[White "Costa, Fernando JM"]
[Black "Azevedo, Sergio de Almeida E"]
[Result "1-0"]
[WhiteElo "2056"]
[BlackElo "2000"]
[PlyCount "37"]
[EventDate "2001.09.05"]
[EventType "swiss"]
[EventRounds "9"]
[EventCountry "POR"]
[SourceTitle "EXT 2002"]
[Source "ChessBase"]
[SourceDate "2001.11.25"]
[SourceVersion "1"]
[SourceVersionDate "2001.11.25"]
[SourceQuality "1"]

1. e4 c5 2. d4 cxd4 3. c3 d3 4. Bxd3 d6 5. c4 Nc6 6. Nc3 e6 7. f4 Nf6 8. Nf3 Be7 9. 0-0 0-0 10. Qe2 b6 11. e5 dxe5 12. fxe5 Nd7 13. Qe4 f5 14. Qxc6 Nc5 15. Qxa8 Qd7 16. Nb5 Bb7 17. Qxa7 Qxd3 18. Qa3 Qxc4 19. Nd6 1-0

[Event "POR-ch57"]
[Site "Lisbon"]
[Date "2001.09.04"]
[Round "4.5"]
[White "Silva, Fernando"]
[Black "Costa, Fernando JM"]
[Result "1-0"]
[WhiteElo "2344"]
[BlackElo "2056"]
[PlyCount "105"]
[EventDate "2001.09.05"]
[EventType "swiss"]
[EventRounds "9"]
[EventCountry "POR"]
[SourceTitle "EXT 2002"]
[Source "ChessBase"]
[SourceDate "2001.11.25"]
[SourceVersion "1"]
[SourceVersionDate "2001.11.25"]
[SourceQuality "1"]

1. c4 Nf6 2. Nc3 d5 3. cxd5 Nxd5 4. g3 g6 5. Bg2 Nxc3 6. bxc3 Bg7 7. Rb1 0-0 8. Rxb7 Bxb7 9. Bxb7 Nd7 10. Bxa8 Qxa8 11. Nf3 Ne5 12. 0-0 Nxf3+ 13. exf3 Qd5 14. Qe2 Qxa2 15. Qxe7 Rb8 16. d3 Qa5 17. c4 Bf8 18. Qd7 c5 19. Bg5 h6 20. Bf6 Qb6 21. Ba1 Rd8 22. Qa4 Rxd3 23. f4 Rd8 24. Qc2 Bg7 25. f5 Bxa1 26. Rxa1 Rd4 27. fxg6 fxg6 28. Qe2 Rd8 29. h4 Rf8 30. h5 Rf7 31. hxg6 Qxg6 32. Qe5 Qg7 33. Qb8+ Kh7 34. Re1 Qd4 35. Qb1+ Kg7 36. Qa2 a5 37. Re3 Ra7 38. Qe2 Rf7 39. Re4 Qa1+ 40. Kg2 Qf6 41. Re6 Qd4 42. Ra6 h5 43. f4 Qd7 44. Qe5+ Kg8 45. Qg5+ Rg7 46. Ra8+ Kf7 47. Qxh5+ Rg6 48. Qxc5 Qd2+ 49. Qf2 Qd3 50. Qa7+ Ke6 51. Re8+ Kf5 52. Qc5+ Kg4 53. Qc8+ 1-0

[Event "POR-ch57"]
[Site "Lisbon"]
[Date "2001.09.02"]
[Round "2.17"]
[White "Ferreira, Albano Manuel Pedro"]
[Black "Costa, Fernando JM"]
[Result "0-1"]
[WhiteElo "2000"]
[BlackElo "2056"]
[PlyCount "42"]
[EventDate "2001.09.05"]
[EventType "swiss"]
[EventRounds "9"]
[EventCountry "POR"]
[SourceTitle "EXT 2002"]
[Source "ChessBase"]
[SourceDate "2001.11.25"]
[SourceVersion "1"]
[SourceVersionDate "2001.11.25"]
[SourceQuality "1"]

1. d4 Nf6 2. c4 g6 3. Nf3 Bg7 4. Nc3 d5 5. e3 0-0 6. Be2 c5 7. 0-0 cxd4 8. Nxd4 e5 9. Nb3 dxc4 10. Bxc4 Qc7 11. Be2 Rd8 12. Qe1 Be6 13. Nd2 Nc6 14. e4 Nd4 15. Nb5 Nxe2+ 16. Qxe2 Qc5 17. Nc3 a6 18. Nf3 Bc4 19. Qc2 Bxf1 20. Kxf1 b5 21. Bg5 b4 0-1

[Event "Honra Ginasio C Sul 2"]
[Site "Cova da Piedade"]
[Date "2001.07.27"]
[Round "9"]
[White "Farinha, Joao Carlos da Cruz"]
[Black "Costa, Fernando JM"]
[Result "0-1"]
[WhiteElo "2000"]
[BlackElo "2056"]
[PlyCount "58"]
[EventDate "2001.07.??"]
[EventType "tourn"]
[EventRounds "9"]
[EventCountry "POR"]
[SourceTitle "EXT 2003"]
[Source "ChessBase"]
[SourceDate "2002.11.25"]
[SourceVersion "1"]
[SourceVersionDate "2002.11.25"]
[SourceQuality "1"]

1. e4 c5 2. Nf3 e6 3. d4 cxd4 4. Nxd4 Nc6 5. Be3 Qc7 6. Nc3 a6 7. Bd3 Nf6 8. a3 Be7 9. f4 d6 10. Qf3 0-0 11. Rg1 Nd7 12. 0-0-0 Bf6 13. Nde2 b5 14. g4 g6 15. h4 Bb7 16. h5 b4 17. Nb1 Nc5 18. Bxc5 dxc5 19. hxg6 hxg6 20. Qh3 c4 21. Rh1 Rfd8 22. Qh7+ Kf8 23. e5 Bg7 24. Be4 Nxe5 25. Bxb7 Nd3+ 26. cxd3 cxd3+ 27. Nec3 bxc3 28. Be4 cxb2+ 29. Kd2 Qc2+ 0-1

[Event "Honra Ginasio C Sul 2"]
[Site "Cova da Piedade"]
[Date "2001.07.20"]
[Round "4"]
[White "Costa, Fernando JM"]
[Black "Oliveira, Marco Alexandre Aze"]
[Result "0-1"]
[WhiteElo "2056"]
[BlackElo "2174"]
[PlyCount "109"]
[EventDate "2001.07.??"]
[EventType "tourn"]
[EventRounds "9"]
[EventCountry "POR"]
[SourceTitle "EXT 2003"]
[Source "ChessBase"]
[SourceDate "2002.11.25"]
[SourceVersion "1"]
[SourceVersionDate "2002.11.25"]
[SourceQuality "1"]

1. e4 Nf6 2. e5 Nd5 3. d4 Nc6 4. Nf3 d6 5. Be2 dxe5 6. Nxe5 Nxe5 7. dxe5 Bf5 8. c4 Nb6 9. 0-0 e6 10. Be3 Be7 11. Qb3 0-0 12. Nc3 Qc8 13. f4 Rd8 14. Rad1 Rxd1 15. Rxd1 Nd7 16. Na4 c6 17. Qc3 Qc7 18. g4 Bg6 19. c5 Rd8 20. b4 Be4 21. Nb2 Bd5 22. a4 g5 23. Nc4 gxf4 24. Bxf4 Bxc4 25. Qxc4 Nxe5 26. Rxd8+ Bxd8 27. Qe4 Bf6 28. Bd3 Kf8 29. Kg2 Qd7 30. Bxe5 Bxe5 31. Qxh7 Qd4 32. Qe4 Qb2+ 33. Be2 Bd4 34. b5 cxb5 35. axb5 Bxc5 36. h4 Qf6 37. g5 Qf2+ 38. Kh3 Bd6 39. Qg2 Qe3+ 40. Qf3 Qe5 41. Qg2 Kg7 42. h5 Qe3+ 43. Kh4 Be7 44. h6+ Kh7 45. Bf3 Qf4+ 46. Kh5 Bxg5 47. Be4+ f5 48. Bxf5+ Qxf5 49. Qxg5 Qh3+ 50. Qh4 Qxh4+ 51. Kxh4 Kxh6 52. Kg4 Kg6 53. Kf4 Kf6 54. Ke4 e5 55. Kd5 0-1

[Event "Honra Ginasio C Sul 2"]
[Site "Cova da Piedade"]
[Date "2001.07.19"]
[Round "3.2"]
[White "Prata, Jose Miguel Mendes"]
[Black "Costa, Fernando JM"]
[Result "0-1"]
[WhiteElo "2081"]
[BlackElo "2056"]
[PlyCount "90"]
[EventDate "2001.07.??"]
[EventType "tourn"]
[EventRounds "9"]
[EventCountry "POR"]
[SourceTitle "EXT 2003"]
[Source "ChessBase"]
[SourceDate "2002.11.25"]
[SourceVersion "1"]
[SourceVersionDate "2002.11.25"]
[SourceQuality "1"]

1. e4 c5 2. d3 e6 3. g3 d5 4. Nd2 Nf6 5. Bg2 Nc6 6. Ngf3 Be7 7. 0-0 0-0 8. Re1 b5 9. e5 Nd7 10. Nf1 a5 11. h4 Re8 12. Bf4 Nf8 13. h5 h6 14. Qd2 Nh7 15. Ne3 a4 16. a3 b4 17. Ng4 bxa3 18. bxa3 Rb8 19. Ra2 Nd4 20. Nxd4 cxd4 21. Nf6+ gxf6 22. exf6 Bd6 23. Bxd6 Qxd6 24. Qxh6 Qf8 25. Qf4 Bd7 26. g4 e5 27. Rxe5 Rb1+ 28. Kh2 Rxe5 29. Qxe5 Qh6 30. Qxd4 Nxf6 31. f3 Qg5 32. Rb2 Qh4+ 33. Bh3 Nxh5 34. Rxb1 Qg3+ 35. Kh1 Qxh3+ 36. Kg1 Qg3+ 37. Kf1 Qxf3+ 38. Ke1 Qh1+ 39. Kd2 Qxb1 40. gxh5 Qh1 41. Qf6 Qg2+ 42. Kc1 Be6 43. h6 Kh7 44. Qf4 Qg4 45. Qf6 Qg6 0-1

[Event "POR-chT 43rd"]
[Site "Barreiro"]
[Date "2001.06.17"]
[Round "4"]
[White "Campora, Daniel Hugo"]
[Black "Costa, Fernando JM"]
[Result "1-0"]
[WhiteElo "2503"]
[BlackElo "2095"]
[PlyCount "45"]
[EventDate "2001.06.14"]
[EventType "team"]
[EventRounds "9"]
[EventCountry "POR"]
[SourceTitle "EXT 2002"]
[Source "ChessBase"]
[SourceDate "2001.11.25"]
[SourceVersion "1"]
[SourceVersionDate "2001.11.25"]
[SourceQuality "1"]

1. e4 c5 2. Nf3 e6 3. c3 Nf6 4. e5 Nd5 5. g3 Nc6 6. Bg2 b5 7. 0-0 a5 8. a4 Ba6 9. d3 c4 10. axb5 Bxb5 11. b3 cxb3 12. c4 a4 13. cxd5 Nb4 14. Na3 Bxd3 15. d6 f6 16. Bb2 Bxf1 17. Bxf1 f5 18. Nd4 g6 19. Nab5 Na2 20. Nc7+ Kf7 21. Nxa8 Qxa8 22. Nxb3 Nb4 23. Bg2 1-0

[Event "POR-chT 43rd"]
[Site "Barreiro"]
[Date "2001.06.14"]
[Round "1"]
[White "Costa, Fernando JM"]
[Black "Dias, Paulo Jorge Guimara"]
[Result "0-1"]
[WhiteElo "2095"]
[BlackElo "2326"]
[PlyCount "60"]
[EventDate "2001.06.14"]
[EventType "team"]
[EventRounds "9"]
[EventCountry "POR"]
[SourceTitle "EXT 2002"]
[Source "ChessBase"]
[SourceDate "2001.11.25"]
[SourceVersion "1"]
[SourceVersionDate "2001.11.25"]
[SourceQuality "1"]

1. e4 d5 2. exd5 Nf6 3. d4 Bg4 4. Be2 Bxe2 5. Qxe2 Qxd5 6. Nf3 Nc6 7. c4 Qf5 8. Nc3 0-0-0 9. Be3 e6 10. 0-0 g5 11. Rfd1 g4 12. Nh4 Qh5 13. g3 h6 14. Ng2 Qf5 15. a3 Nh7 16. Nh4 Qh5 17. h3 Rg8 18. Ng2 Ng5 19. Bxg5 hxg5 20. d5 Qxh3 21. dxc6 Bd6 22. cxb7+ Kb8 23. Qe4 f5 24. Qc6 f4 25. gxf4 Rh8 26. Ne1 Qh2+ 27. Kf1 gxf4 28. Nb5 f3 29. Nxf3 gxf3 30. Ke1 Bb4+ 0-1

[Event "Young Masters 8th+"]
[Site "Loures"]
[Date "2000.11.07"]
[Round "1"]
[White "Costa, Fernando JM"]
[Black "Vitor, Antonio Pedro Caste"]
[Result "0-1"]
[WhiteElo "2113"]
[BlackElo "2302"]
[PlyCount "108"]
[EventDate "2000.11.07"]
[EventType "tourn"]
[EventRounds "10"]
[EventCountry "POR"]
[EventCategory "2"]
[SourceTitle "CBM 079 Extra"]
[Source "ChessBase"]
[SourceDate "2001.01.11"]
[SourceVersion "2"]
[SourceVersionDate "2001.01.25"]
[SourceQuality "1"]

1. e4 c5 2. d4 cxd4 3. c3 d3 4. Bxd3 Nc6 5. c4 d6 6. Nc3 Nf6 7. Nge2 e6 8. Nf4 Be7 9. 0-0 0-0 10. Be3 b6 11. Rc1 Bb7 12. Qe2 Ne5 13. f3 a6 14. Rfd1 Qc7 15. b3 Rfe8 16. Kh1 Rac8 17. Na4 Ned7 18. g4 Nc5 19. Nxc5 bxc5 20. g5 Nd7 21. Rg1 Bf8 22. Qf2 g6 23. Rg3 Bg7 24. Rh3 Nf8 25. Qh4 a5 26. Bb1 a4 27. Nd3 axb3 28. axb3 Ra8 29. Nf2 e5 30. Bd2 Bc8 31. Rg3 Qe7 32. b4 cxb4 33. Bxb4 h6 34. Bd2 Nh7 35. Ng4 Bxg4 36. Qxg4 hxg5 37. Rd1 Bf6 38. Rg2 Ra4 39. Bd3 Nf8 40. c5 Rd8 41. c6 Ne6 42. Rc1 Rc8 43. Bb5 Ra3 44. Bb4 Raa8 45. Rd2 Nd4 46. Ba6 Rxc6 47. Rxc6 Nxc6 48. Bxd6 Qa7 49. Bc4 Qa1+ 50. Kg2 Qc3 51. Bxf7+ Kxf7 52. Qd7+ Be7 53. Bxe7 Nxe7 54. Rd6 Ra2+ 0-1

[Event "Lisbon Summer op"]
[Site "Lisbon"]
[Date "2000.08.24"]
[Round "4"]
[White "Conde Llinares, Jesus Miguel"]
[Black "Costa, Fernando JM"]
[Result "0-1"]
[WhiteElo "2163"]
[BlackElo "2113"]
[PlyCount "120"]
[EventDate "2000.08.21"]
[EventType "swiss"]
[EventRounds "10"]
[EventCountry "POR"]
[SourceTitle "EXT 2001"]
[Source "ChessBase"]
[SourceDate "2000.11.22"]
[SourceVersion "1"]
[SourceVersionDate "2000.11.22"]
[SourceQuality "1"]

1. e4 c5 2. Nf3 e6 3. d4 cxd4 4. Nxd4 Nc6 5. Nc3 Qc7 6. g3 a6 7. Bg2 Nf6 8. 0-0 Be7 9. Re1 d6 10. Nb3 0-0 11. f4 Rb8 12. Qe2 Re8 13. Be3 b5 14. Bf3 b4 15. Nd1 a5 16. Qg2 Bb7 17. c4 a4 18. Nd2 h5 19. Nf2 Bf8 20. Rac1 Ba8 21. h3 Na5 22. Nd3 g6 23. g4 hxg4 24. hxg4 Nd7 25. f5 Bg7 26. Kf2 a3 27. b3 Nc6 28. Nf1 Nde5 29. Red1 Nxd3+ 30. Rxd3 Ne5 31. Rdd1 exf5 32. gxf5 Nxf3 33. Qxf3 Bxe4 34. Qf4 Bxf5 35. Qxd6 Qb7 36. Rd5 Qe7 37. Qxe7 Rxe7 38. Bc5 Re6 39. Ne3 Be4 40. Rd7 Rc8 41. Bxb4 Bc6 42. Rcd1 Bxd7 43. Rxd7 Rce8 44. Bc5 Bf8 45. Bd4 Bh6 46. Nd5 Re2+ 47. Kf3 Bg7 48. Nc7 R8e4 49. Rd8+ Kh7 50. Bc5 Bb2 51. Ra8 g5 52. Nd5 g4+ 53. Kg3 Be5+ 54. Kh4 f6 55. Ra7+ Kh8 56. Kh5 g3 57. Ne3 R2xe3 58. Bxe3 Rxe3 59. Kg6 Bb8 60. Rb7 Bd6 0-1

[Event "Lisbon-ch"]
[Site "Lisbon"]
[Date "2000.05.22"]
[Round "5"]
[White "Costa, Fernando JM"]
[Black "Oliveira, Luis"]
[Result "1-0"]
[WhiteElo "2100"]
[BlackElo "2166"]
[PlyCount "109"]
[EventDate "2000.05.15"]
[EventType "tourn"]
[EventRounds "11"]
[EventCountry "POR"]
[SourceTitle "EXT 2002"]
[Source "ChessBase"]
[SourceDate "2001.11.25"]
[SourceVersion "1"]
[SourceVersionDate "2001.11.25"]
[SourceQuality "1"]

1. e4 e5 2. Nf3 Nc6 3. Bc4 Nf6 4. Ng5 d5 5. exd5 Na5 6. Bb5+ c6 7. dxc6 bxc6 8. Be2 h6 9. Nf3 e4 10. Ne5 Bd6 11. d4 exd3 12. Nxd3 Qc7 13. h3 0-0 14. 0-0 Bf5 15. Bd2 Rad8 16. Bc3 c5 17. Nd2 Ne4 18. Nxe4 Bxe4 19. Bf3 Bf5 20. Bg4 Bg6 21. Bh5 c4 22. Bxg6 fxg6 23. Qe1 Nc6 24. Qe6+ Qf7 25. Qxf7+ Rxf7 26. Ne1 Be5 27. Nf3 Bxc3 28. bxc3 Rb7 29. Rab1 Rdb8 30. Nd2 Rb2 31. Rfc1 Rxa2 32. Rxb8+ Nxb8 33. Nxc4 Kf7 34. Kf1 Ke6 35. Ke2 Ra4 36. Kd3 Nd7 37. Re1+ Kd5 38. Ne3+ Kd6 39. c4 Ra3+ 40. Kd4 Nc5 41. Rd1 Nd7 42. Rd3 Ra5 43. Kc3+ Ke6 44. Kb4 Ra6 45. Nd5 Rd6 46. Nc7+ Ke7 47. Rxd6 Kxd6 48. Nb5+ Kc6 49. Nxa7+ Kb6 50. Nc8+ Kc7 51. Ne7 Nf8 52. Kb5 g5 53. c5 Ne6 54. Nd5+ Kb8 55. c3 1-0

[Event "Lisbon op 5th"]
[Site "Lisbon"]
[Date "1999.11.18"]
[Round "6"]
[White "Costa, Fernando JM"]
[Black "Kobese, Watu"]
[Result "0-1"]
[WhiteElo "2106"]
[BlackElo "2389"]
[PlyCount "54"]
[EventDate "1999.11.06"]
[EventType "swiss"]
[EventRounds "9"]
[EventCountry "POR"]
[SourceTitle "CBM 073 Extra"]
[Source "ChessBase"]
[SourceDate "2000.01.11"]
[SourceVersion "1"]
[SourceVersionDate "2000.01.11"]
[SourceQuality "1"]

1. e4 e5 2. Nf3 Nc6 3. Bc4 Nf6 4. Ng5 d5 5. exd5 Na5 6. Bb5+ c6 7. dxc6 bxc6 8. Be2 h6 9. Nf3 e4 10. Ne5 Bd6 11. d4 exd3 12. Nxd3 Qc7 13. h3 0-0 14. 0-0 c5 15. Bd2 c4 16. Nc1 Rd8 17. Qe1 Nc6 18. Bf3 Bf5 19. Bc3 Re8 20. Qd1 Rad8 21. Nd2 Bf4 22. Re1 Ne5 23. Ne2 Nxf3+ 24. gxf3 Bxh3 25. Nd4 Qc5 26. Rxe8+ Rxe8 27. Kh1 Qh5 0-1

[Event "POR-ch"]
[Site "Lisbon"]
[Date "1999.09.14"]
[Round "7"]
[White "Costa, Fernando JM"]
[Black "Silva, Antonio Augusto MC"]
[Result "0-1"]
[WhiteElo "2106"]
[BlackElo "2224"]
[PlyCount "72"]
[EventDate "1999.09.05"]
[EventType "swiss"]
[EventRounds "11"]
[EventCountry "POR"]
[SourceTitle "EXT 2000"]
[Source "ChessBase"]
[SourceDate "1999.11.16"]
[SourceVersion "1"]
[SourceVersionDate "1999.11.16"]
[SourceQuality "1"]

1. e4 Nf6 2. e5 Nd5 3. d4 d6 4. Nf3 Nc6 5. Be2 dxe5 6. Nxe5 Nxe5 7. dxe5 Bf5 8. c4 Nb6 9. 0-0 e6 10. Be3 c6 11. Qb3 Qc7 12. f4 g5 13. Nd2 gxf4 14. Bxf4 Nd7 15. Nf3 Nc5 16. Qd1 Ne4 17. Qe1 0-0-0 18. Nh4 Qb6+ 19. Kh1 Bb4 20. Qc1 Nf2+ 21. Rxf2 Qxf2 22. Nxf5 exf5 23. Bf3 Rd3 24. Bg3 Qe3 25. Qc2 Qd2 26. Qa4 Qxb2 27. Rf1 Ra3 28. Qd1 Rd8 29. Bd5 cxd5 30. cxd5 Rxg3 31. hxg3 Qxe5 32. Qc2+ Kb8 33. Rxf5 Qxg3 34. Qe4 Bd6 35. Rh5 Rc8 36. Qb1 Re8 0-1

[Event "POR-ch"]
[Site "Lisbon"]
[Date "1999.09.12"]
[Round "5"]
[White "Costa, Fernando JM"]
[Black "Henriques, Sofia S"]
[Result "1/2-1/2"]
[WhiteElo "2106"]
[BlackElo "2018"]
[PlyCount "71"]
[EventDate "1999.09.05"]
[EventType "swiss"]
[EventRounds "11"]
[EventCountry "POR"]
[SourceTitle "EXT 2000"]
[Source "ChessBase"]
[SourceDate "1999.11.16"]
[SourceVersion "1"]
[SourceVersionDate "1999.11.16"]
[SourceQuality "1"]

1. c4 e5 2. Nc3 g6 3. Nf3 Nc6 4. e3 Bg7 5. d4 d6 6. Be2 Nf6 7. b4 0-0 8. b5 exd4 9. exd4 Ne7 10. 0-0 d5 11. c5 Ne4 12. Nxe4 dxe4 13. Ne5 Nd5 14. Bc4 Be6 15. Qb3 Kh8 16. Re1 Nf6 17. Bxe6 fxe6 18. Qxe6 Qxd4 19. Be3 Qd5 20. Qxd5 Nxd5 21. Bd4 Nf6 22. Rad1 Kg8 23. Nd7 Nxd7 24. Bxg7 Kxg7 25. Rxd7+ Rf7 26. Rxf7+ Kxf7 27. Rxe4 Rd8 28. g3 Rd1+ 29. Kg2 Rc1 30. Rh4 h5 31. b6 Rxc5 32. bxa7 Ra5 33. Rd4 Ke7 34. Re4+ Kf7 35. Rd4 Ke7 36. Re4+ 1/2-1/2

[Event "POR-ch"]
[Site "Lisbon"]
[Date "1999.09.10"]
[Round "3"]
[White "Costa, Fernando JM"]
[Black "Fernando, Diogo"]
[Result "0-1"]
[WhiteElo "2106"]
[BlackElo "2221"]
[PlyCount "117"]
[EventDate "1999.09.05"]
[EventType "swiss"]
[EventRounds "11"]
[EventCountry "POR"]
[SourceTitle "EXT 2000"]
[Source "ChessBase"]
[SourceDate "1999.11.16"]
[SourceVersion "1"]
[SourceVersionDate "1999.11.16"]
[SourceQuality "1"]

1. e4 e5 2. Nf3 Nc6 3. Bc4 Nf6 4. Ng5 d5 5. exd5 Na5 6. Bb5+ Bd7 7. Qe2 Bd6 8. Bxd7+ Qxd7 9. c4 h6 10. Ne4 Nxe4 11. Qxe4 0-0 12. Nc3 Rae8 13. 0-0 f5 14. Qe2 f4 15. f3 Bc5+ 16. Kh1 b6 17. Ne4 Bd4 18. d3 Nb7 19. g3 Nd6 20. Rb1 Nxe4 21. dxe4 fxg3 22. Qg2 gxh2 23. Bxh6 Rf6 24. Bg5 Rg6 25. f4 exf4 26. Rxf4 Be3 27. Rf5 Rxg5 28. Rxg5 Bxg5 29. Qxg5 Rxe4 30. Qh5 Qe7 31. b3 Rf4 32. Qg6 Qe2 33. a3 Rf2 34. Qe6+ Qxe6 35. dxe6 Re2 36. Rd1 Rxe6 37. Rd7 Rc6 38. Kxh2 a5 39. a4 Kh7 40. Kg2 Kg6 41. Kg3 Rc5 42. Kg4 Rg5+ 43. Kf4 Rf5+ 44. Kg4 Rf7 45. Rd5 c5 46. Rd6+ Rf6 47. Rd7 Re6 48. Kf4 Kf6 49. Rd5 g6 50. Kf3 Ke7 51. Kf4 Rd6 52. Rg5 Kf6 53. Rg3 g5+ 54. Ke4 Rd4+ 55. Ke3 Kf5 56. Rf3+ Rf4 57. Rh3 Rh4 58. Rf3+ Ke5 59. Kf2 0-1

[Event "POR-ch"]
[Site "Lisbon"]
[Date "1999.09.09"]
[Round "2"]
[White "Costa, Jorge"]
[Black "Costa, Fernando JM"]
[Result "0-1"]
[WhiteElo "2036"]
[BlackElo "2106"]
[PlyCount "54"]
[EventDate "1999.09.05"]
[EventType "swiss"]
[EventRounds "11"]
[EventCountry "POR"]
[SourceTitle "EXT 2000"]
[Source "ChessBase"]
[SourceDate "1999.11.16"]
[SourceVersion "1"]
[SourceVersionDate "1999.11.16"]
[SourceQuality "1"]

1. e4 c5 2. c3 Nf6 3. e5 Nd5 4. d4 cxd4 5. cxd4 d6 6. Bb5+ Nc6 7. Qf3 dxe5 8. dxe5 e6 9. Bd2 Bd7 10. Nc3 Nxe5 11. Qe2 Nxc3 12. Bxc3 Nc6 13. 0-0-0 Qc7 14. Nf3 Be7 15. Ne5 Nxe5 16. Qxe5 0-0-0 17. Bxd7+ Rxd7 18. Qxg7 Rhd8 19. Rxd7 Qxd7 20. Qxh7 f5 21. Qh5 Qd3 22. Re1 b5 23. a3 Bf6 24. Ba5 Rd7 25. Qe8+ Kb7 26. Qg6 Be5 27. g3 Qb3 0-1

[Event "Figueira da Foz Honra"]
[Site "Figueira da Foz"]
[Date "1999.??.??"]
[Round "3"]
[White "Alho, Diogo Henriques"]
[Black "Costa, Fernando JM"]
[Result "1-0"]
[WhiteElo "2000"]
[BlackElo "2140"]
[PlyCount "57"]
[EventDate "1999.??.??"]
[EventType "tourn"]
[EventRounds "9"]
[EventCountry "POR"]
[SourceTitle "EXT 2000"]
[Source "ChessBase"]
[SourceDate "1999.11.16"]
[SourceVersion "1"]
[SourceVersionDate "1999.11.16"]
[SourceQuality "1"]

1. d4 Nf6 2. Nf3 g6 3. c4 Bg7 4. Nc3 d5 5. e3 c5 6. cxd5 Nxd5 7. Bc4 Nxc3 8. bxc3 0-0 9. 0-0 Qa5 10. Qb3 cxd4 11. cxd4 Nc6 12. Ba3 Qh5 13. Bd5 Na5 14. Qb5 Be6 15. e4 b6 16. Bxe7 Rfe8 17. Bg5 Rac8 18. Bxe6 Rxe6 19. Rac1 Rce8 20. e5 f6 21. d5 a6 22. Qa4 Rxe5 23. Nxe5 Rxe5 24. Bf4 Re2 25. Rc8+ Kf7 26. Qd7+ Re7 27. Qd8 g5 28. Bd6 Re2 29. Qg8+ 1-0

[Event "Figueira da Foz Honra"]
[Site "Figueira da Foz"]
[Date "1999.??.??"]
[Round "6"]
[White "Costa, Fernando JM"]
[Black "Babo, Miguel Carranca Fei"]
[Result "0-1"]
[WhiteElo "2140"]
[BlackElo "2000"]
[PlyCount "86"]
[EventDate "1999.??.??"]
[EventType "tourn"]
[EventRounds "9"]
[EventCountry "POR"]
[SourceTitle "EXT 2000"]
[Source "ChessBase"]
[SourceDate "1999.11.16"]
[SourceVersion "1"]
[SourceVersionDate "1999.11.16"]
[SourceQuality "1"]

1. e4 c5 2. d4 cxd4 3. c3 dxc3 4. Nxc3 d6 5. Nf3 Nc6 6. Bc4 e6 7. 0-0 Nf6 8. Qe2 a6 9. Rd1 Qc7 10. Be3 Be7 11. Rac1 0-0 12. a3 Ng4 13. Bd2 d5 14. exd5 Nd4 15. Qe4 Nxf3+ 16. Qxf3 Qxh2+ 17. Kf1 exd5 18. Nxd5 Bc5 19. Be3 Ne5 20. Qe4 Bg4 21. f3 Bxe3 22. Nxe3 Bh5 23. Bd5 Rfe8 24. Qd4 Rad8 25. Qc3 h6 26. Bxb7 Nd3 27. Rxd3 Rxd3 28. Qxd3 Qh1+ 29. Kf2 Qxc1 30. Qc3 Qxc3 31. bxc3 a5 32. c4 Rb8 33. Bd5 Rb2+ 34. Kg3 Rb3 35. Kf4 g5+ 36. Ke4 Bg6+ 37. Nf5 Rxa3 38. c5 Rc3 39. Kd4 Rc1 40. Ne3 Kf8 41. Nc4 Rd1+ 42. Ke5 Ke7 43. Bxf7 Bxf7 0-1

[Event "Lisbon-chB"]
[Site "Lisbon"]
[Date "1999.??.??"]
[Round "8"]
[White "Costa, Fernando JM"]
[Black "Costa, Jorge"]
[Result "0-1"]
[WhiteElo "2140"]
[BlackElo "2003"]
[PlyCount "51"]
[EventDate "1999.??.??"]
[EventType "swiss"]
[EventRounds "12"]
[EventCountry "POR"]
[SourceTitle "EXT 2000"]
[Source "ChessBase"]
[SourceDate "1999.11.16"]
[SourceVersion "1"]
[SourceVersionDate "1999.11.16"]
[SourceQuality "1"]

1. e4 e5 2. Nf3 Nc6 3. Bc4 Bc5 4. b4 Bxb4 5. c3 Be7 6. d4 d6 7. dxe5 Nxe5 8. Nxe5 dxe5 9. Qb3 Be6 10. Bxe6 fxe6 11. Qxe6 Qd6 12. Qc4 0-0-0 13. 0-0 Nf6 14. Ba3 Qd7 15. Bxe7 Qxe7 16. a4 Rhf8 17. a5 a6 18. Na3 Rd2 19. Nb1 Rd6 20. Ra4 Ng4 21. Qe2 Qh4 22. h3 Nxf2 23. Kh2 Rdf6 24. Nd2 Nxh3 25. Nf3 Rxf3 26. Qxf3 0-1

[Event "Boavista Challenge"]
[Site "Porto"]
[Date "1998.12.06"]
[Round "4"]
[White "Costa, Fernando JM"]
[Black "Camejo Almeida, Rui"]
[Result "0-1"]
[WhiteElo "2115"]
[BlackElo "2295"]
[PlyCount "104"]
[EventDate "1998.12.03"]
[EventType "tourn"]
[EventRounds "11"]
[EventCountry "POR"]
[EventCategory "1"]
[SourceTitle "CBM 067 Extra"]
[Source "ChessBase"]
[SourceDate "1999.01.01"]
[SourceVersion "1"]
[SourceVersionDate "1999.01.01"]
[SourceQuality "1"]

1. e4 e5 2. Nf3 Nf6 3. Bc4 Nxe4 4. Nc3 Nxc3 5. dxc3 f6 6. Nh4 g6 7. 0-0 Qe7 8. Be3 d6 9. f4 Bh6 10. Qf3 e4 11. Qe2 f5 12. g3 Nc6 13. Rad1 Be6 14. Rd2 a6 15. Rfd1 Bg7 16. Bd5 0-0 17. Ng2 Kh8 18. Bxc6 bxc6 19. Bd4 Rfb8 20. b3 a5 21. a4 Rd8 22. h4 Rd7 23. Kf2 c5 24. Bxg7+ Kxg7 25. c4 c6 26. h5 d5 27. hxg6 hxg6 28. Rh1 dxc4 29. Rxd7 Qxd7 30. Rd1 Qe7 31. Qd2 cxb3 32. cxb3 Rb8 33. Qc3+ Qf6 34. Qxa5 Rxb3 35. Qc7+ Bf7 36. Kg1 Rd3 37. Re1 Rxg3 38. Kh2 Qc3 39. Re2 Rh3+ 40. Kg1 Qd4+ 41. Rf2 Rf3 42. Qe5+ Qxe5 43. fxe5 Ra3 44. Rb2 Bb3 45. Rd2 Bd5 46. Nf4 Rxa4 47. Nxd5 cxd5 48. Rxd5 Kf7 49. Rd6 e3 50. Kf1 Re4 51. Rd5 e2+ 52. Ke1 f4 0-1